000 00842cam a22002893a 4500
001 15035998
003 OSt
005 20250901165809.0
008 820120s1982 nyu 000 1 eng d
010 _a 80069987
020 _a0380790203 :
_c$3.50
020 _a9780380790203
035 _a(OCoLC)ocm08078260
035 _a(OCoLC)8078260
040 _aILC
_cILC
_dOCLCQ
_dBTCTA
_dDLC
042 _alccopycat
050 0 0 _aCPB Box no. 2611 vol. 8 1982
100 1 _aElliot, Bruce.
245 1 0 _aVillage /
_cBruce Elliot.
260 _aNew York :
_bAvon,
_cc1982.
300 _a584 p. ;
_c18 cm.
655 7 _aHistorical fiction.
_2gsafd
710 2 _aCopyright Paperback Collection (Library of Congress)
_5DLC
906 _a7
_bcbc
_ccopycat
_d2
_encip
_f20
_gy-genrareb
942 _2lcc
_cBK
999 _c9347
_d9347